Evolución del trabajo en América Latina con anterioridad al sindicalismo /

Guardat en:
Dades bibliogràfiques
Autor principal: Morner, Magnus
Format: Text
Etiquetes: Afegir etiqueta
Sense etiquetes, Sigues el primer a etiquetar aquest registre!

MARC

LEADER 00000 a a2200000 04500
001 45346
003
040
090 |a REV0780 (18)1986  
100 |a Morner, Magnus  
245 |a Evolución del trabajo en América Latina con anterioridad al sindicalismo /  |c Magnus Morner  
773 |g número18, III Epoca (Enero - Junio, 1986), páginas 73-88  
999 |c 39478  |d 39478